| 000 | 00582nam a2200193 a 4500 | ||
|---|---|---|---|
| 001 | 5918 | ||
| 003 | CDMR | ||
| 005 | 20131009180226.0 | ||
| 008 | 130220s2005||||||||||||||||||||||||||||d | ||
| 020 | _a8486083583 | ||
| 040 |
_aCDMR _bcat _cCDMR |
||
| 100 | 1 |
_aMartí Baiget, Pere _92935 |
|
| 245 | 1 | 0 |
_aPere Mialet i Rabadà (1900-1968) _b: periodista, narrador i comediògraf _cJosep Martí Baiget |
| 260 |
_aValls _bInstitut d'Estudis Vallencs _c2005 |
||
| 300 |
_a446 p ; _c22 cm |
||
| 490 | 0 |
_aEstudis Vallencs _v63 |
|
| 650 |
_aPeriodistes catalans _vBiografies _94 |
||
| 942 |
_cMON _2udc |
||
| 999 |
_c5918 _d5918 |
||